Historia viva dignidad y futuro. Reflexiones alrededor del Acuerdo para el Reasentamiento de las poblaciones desarraigadas por el enfrentameinto armado /

Збережено в:
Бібліографічні деталі
Автор: Siguenza Ramírez, Pablo
Формат: Текст
Теги: Додати тег
Немає тегів, Будьте першим, хто поставить тег для цього запису!

MARC

LEADER 00000 a a2200000 04500
001 45206
003
040
100 |a Siguenza Ramírez, Pablo  
245 |a Historia viva dignidad y futuro.   |b Reflexiones alrededor del Acuerdo para el Reasentamiento de las poblaciones desarraigadas por el enfrentameinto armado /  |c Pablo Siguenza Ramírez  
773 |g páginas 43-47  
999 |c 25330  |d 25330